Forrest Gump Characters - Statistics

General Stats
  • This quiz has been taken 75 times
  • The average score is 9 of 15
Answer Stats
Hint Character % Correct
Protagonist's Son Forrest Gump Jr
99%
Lieutenant Lt Dan Taylor
99%
Protagonist's Mom Mrs Gump
97%
Army Friend Bubba Blue
96%
Protagonist's Love Jenny Curran
96%
Protagonist Forrest Gump
93%
35th US President John F Kennedy
84%
37th US President Richard Nixon
64%
"The King" Elvis Presley
63%
Fellow Soldier Tex
31%
Army Friend's Mom Mrs Blue
27%
Fellow Soldier Dallas
11%
Fellow Soldier Cleveland
10%
Abusive Boyfriend Wesley
7%
Protagonist's Neighbor Louise
1%
No matching quizzes found
Score Distribution
Percent of People with Each Score
Percentile by Number Answered
Your Score History
You have not taken this quiz